| 000 | 00393 a2200133 4500 | ||
|---|---|---|---|
| 001 | 92208 | ||
| 082 | _aPR 2479 | ||
| 090 |
_c44168 _d44167 |
||
| 100 | _aShahbaz Akbar; Prof Muhammad Ayaz and Taimur Ali Shams (Advisors) | ||
| 245 |
_aAnalytical and Numerical Investigation of Air Curtain Beams _n77 "A" EC |
||
| 260 |
_aIslamabad _bNUST _c2014 |
||
| 300 | _a88p. | ||
| 500 | _aBE Project Report | ||
| 942 |
_aCAE NUST _kPR 2479 |
||
| 999 |
_c327281 _d327281 |
||